000
00233nam a22000857a 4500
008
170607b xxu||||| |||| 00| 0 eng d
100
_9
3308
_a
Valiappa. A
245
_a
The story of our rivers
260
_a
New Delhi
_b
National Book Trust
_c
2005
999
_c
6626
_d
6626